Como elaborar tu tesis de grado y no morir en el intento : (Record no. 23093)

000 -CABECERA
fixed length control field 01336nam a22003257i 4500
003 - IDENTIFICADOR DEL NÚMERO DE CONTROL
control field AR-CdUCM
008 - DATOS DE LONGITUD FIJA--INFORMACIÓN GENERAL
fixed length control field 241025b20222022 pe||||| |||| 00| 0 spa d
020 ## - NÚMERO INTERNACIONAL ESTÁNDAR DEL LIBRO
ISBN 978-612-00-7358-2
040 ## - FUENTE DE LA CATALOGACIÓN
Agencia/entidad que catalogó originalmente la obra MUNICIPALIDAD PROVINCIAL DEL CUSCO
Entidad que transcribió la catalogación BIBLIOTECA MUNICIPAL DEL CUSCO
082 ## - NÚMERO DE LA CLASIFICACIÓN DECIMAL DEWEY
No. de Clasificación 001.431 / A21
Notacion interna A21
100 ## - ENTRADA PRINCIPAL--NOMBRE DE PERSONA
Nombre Personal Aco Corrales, Eder Arturo
245 ## - MENCIÓN DE TÍTULO
Título Como elaborar tu tesis de grado y no morir en el intento :
Resto del título Guía didáctica para la elaboración del proyecto y Tesis de Grado /
260 ## - PUBLICACIÓN, DISTRIBUCIÓN, ETC.
Lugar de publicación, distribución, etc. Cusco
Fecha de publicación, distribución, etc. 2022
300 ## - DESCRIPCIÓN FÍSICA
Nº de Páginas Extensión 80 páginas. :
Dimensiones 30 cm.
500 ## - NOTA GENERAL
Bibliografía bibliografía : páginas 79 - 80
505 ## - NOTA DE CONTENIDO CON FORMATO
Nota de contenido formateada Nociones básicas -- El problema de investigación -- Fuentes de información -- Planteamiento del problema -- Marco teórico -- Método -- Diseño de investigación -- Población y muestra -- Instrumentos de recolección de datos -- Presentación de resultados -- Referencias
650 ## - PUNTO DE ACCESO ADICIONAL DE MATERIA--TÉRMINO DE MATERIA
Descriptor Tesis
9 (RLIN) 1981
650 ## - PUNTO DE ACCESO ADICIONAL DE MATERIA--TÉRMINO DE MATERIA
Descriptor Metodología
9 (RLIN) 2264
650 ## - PUNTO DE ACCESO ADICIONAL DE MATERIA--TÉRMINO DE MATERIA
Descriptor Proyecto
9 (RLIN) 7347
650 ## - PUNTO DE ACCESO ADICIONAL DE MATERIA--TÉRMINO DE MATERIA
Descriptor Investigación
9 (RLIN) 1940
650 ## - PUNTO DE ACCESO ADICIONAL DE MATERIA--TÉRMINO DE MATERIA
Descriptor Bibliografía
9 (RLIN) 50717
650 ## - PUNTO DE ACCESO ADICIONAL DE MATERIA--TÉRMINO DE MATERIA
Descriptor Conclusión
9 (RLIN) 50718
650 ## - PUNTO DE ACCESO ADICIONAL DE MATERIA--TÉRMINO DE MATERIA
Descriptor Teoría
9 (RLIN) 5077
650 ## - PUNTO DE ACCESO ADICIONAL DE MATERIA--TÉRMINO DE MATERIA
Descriptor Información
9 (RLIN) 23515
700 ## - PUNTO DE ACCESO ADICIONAL--NOMBRE DE PERSONA
Nombre Personal Colque Candia, Wilbert
9 (RLIN) 50719
700 ## - PUNTO DE ACCESO ADICIONAL--NOMBRE DE PERSONA
Nombre Personal Estrada Sánchez, Americo
9 (RLIN) 50720
942 ## - ELEMENTOS DE PUNTO DE ACCESO ADICIONAL (KOHA)
Fuente de clasificación
Tipo de item Libros-BMC
945 ## - PROCESAMIENTO DE INFORMACIÓN LOCAL (OCLC)
Catalogador pbj
AAAA-MM-DD - Fecha de ingreso o modificacion 25-10-2024
Holdings
Estado de retiro (separado) Fuente de clasificación o esquema de estanterías Estado dañado Ubicación Sala donde se ubica Nombre de la colección Fecha de adquisición o compra Fuente de adquisición Costo, precio normal en soles Signatura topográfica Código de Barras Última vez visto (Koha) Tipo de ítem (Koha)
No     Sala Humanidades Sala Humanidades Book Cart 2024-10-25 Donación 10.00 001.431 / A21 SH0000016824 2024-10-25 Libros-BMC

Powered by Koha